| 000 | 00357 a2200109 4500 | ||
|---|---|---|---|
| 001 | ART_18023 | ||
| 005 | 20260410161656.0 | ||
| 008 | 260409a | ||
| 245 | 1 | 0 | _aLos límites a las facultades de la AFIP de fijar regímenes de información |
| 100 | 1 | _aFolco, Carlos Maria | |
| 773 | 0 |
_tPráctica profesional _g- Nº 125 (sep. 2010) _wREV542 |
|
| 999 |
_c14748 _d14748 |
||